00480ntaaa2200181 45000030003000000050017000030080021000200400037000410820017000781000022000952450014001172500010001312600042001413000010001835000070001936500016002636500019002790120251027202828.00714s1973 ag 01  aAR-BaBNbspacAR-BaBNeaacrdRIC a922.0000 B78 aBroach, Claude U  aDr. Frank a1 ed. aNashville : bBroadman Press, cc1950 a137 p aAn informal biography of Frank H Leavell, leader of Baptist Youth abiografía aLeavell, Frank